Tajomstvá modernej kaligrafie zvládnete to!

Bibliographic Details
Main Authors: Burke, Kirsten (Author), Hembling, Jill (Author)
Other Authors: Kolčiterová, Anna (Translator), Hedges, Jason (Photographer)
Format: Book
Language:Slovak
English
PhysicalDescription:112 strán, 30 nečíslovaných strán farebné fotografie, ilustrácie 24 cm
Published: Bratislava Ikar 2019
ISBN:9788055165318 (viazané)
Edition:Prvé vydanie
Subjects:

MARC

LEADER 00000cam a2200000 4500
001 vtls011858711
003 SK-MaSNL
005 20260302022217.0
008 210624s2019 xo oa grf 000 0 slo
015 |a SNBA2019/08 
020 |a 9788055165318 (viazané) 
035 |a urn:nbn:sk:snk-am00dl5s 
035 |a urn:nbn:sk:snk-am3i5uy 
035 |a 1E5834DA-F520-4AA0-9D42-3F8F62E419AD 
040 |a SNK  |b slo  |c SNK  |e rda 
041 1 |a slo  |h eng 
044 |a xo  |c SK 
072 7 |a 003  |x Systémy písania a písma  |2 konspekt 
080 |a 003.077  |2 2011 
080 |a 003.052/.053  |2 2011 
080 |a (035)  |2 2011 
080 |a (084.11)  |2 2011 
100 1 |a Burke, Kirsten  |4 aut  |9 667465 
240 1 0 |a Kirsten Burke's Secrets of Modern Calligraphy  |l Slovensky 
245 1 0 |a Tajomstvá modernej kaligrafie  |b zvládnete to!  |c Kirsten Burková ; z anglického originálu Kirsten Burke's Secrets of Modern Calligraphy... preložila Anna Kolčiterová 
246 1 |i Obálkový podnázov:  |a Zdokonaľte si písmo pomocou inšpiratívneho pracovného zošita a siedmich špeciálnych šablón 
250 |a Prvé vydanie 
264 1 |a Bratislava  |b Ikar  |c 2019 
300 |a 112 strán, 30 nečíslovaných strán  |b farebné fotografie, ilustrácie  |c 24 cm 
336 |a text  |b txt  |2 rdacontent 
336 |a statický obraz  |b sti  |2 rdacontent 
337 |a bez média  |b n  |2 rdamedia 
338 |a zväzok  |b nc  |2 rdacarrier 
650 0 7 |a kaligrafia  |2 SNKPH  |9 49734 
650 0 7 |a Calligraphy  |2 SNKPHeng  |9 358350 
650 0 7 |a ručne písané písmo  |2 SNKPH  |9 444434 
650 0 7 |a Handwriting (Graphology)  |2 SNKPHeng  |9 154500 
655 7 |a príručky  |2 SNKPH  |9 74364 
655 7 |a Handbooks, manuals, etc.  |2 SNKPHeng  |9 90964 
655 7 |a obrazové publikácie  |2 SNKPH  |9 70343 
655 7 |a Pictorial works  |2 SNKPHeng  |9 284468 
700 1 |a Kolčiterová, Anna  |4 trl  |9 175748 
700 1 |a Hedges, Jason  |4 pht  |9 667466 
700 1 |a Hembling, Jill  |4 aut  |9 667467 
919 |a 978-80-551-6531-8 
958 |a OP 
968 |b ENG 
999 |c 1031862  |d 1033792 
952 |a SNK  |b SNK  |y PREZ  |7 0  |p 17A1374913  |o snkSC 185158  |i snk2019/19255  |8 0  |0 0  |1 0  |4 0  |d 2019-07-23  |f 1  |l 0  |r 2026-02-24 13:57:20  |w 2026-02-24 
952 |a SNK  |b SNK  |y VYP  |7 0  |p 17A1374914  |o snkSC 185158 D1  |i snk2019/19256  |8 0  |0 0  |1 0  |4 0  |d 2019-07-23  |l 0  |r 2026-02-24 13:57:20  |w 2026-02-24